| 000 | 00458cam a22001337a 4500 | ||
|---|---|---|---|
| 008 | 180718b1979 xxu||||| |||| 00| 0 eng d | ||
| 020 | _a9282507246 | ||
| 082 | _aL1x5 Eu72 | ||
| 245 |
_aFinancing the community budget : the way ahead _cby European Communities Commission |
||
| 260 |
_aLuxembourg _bEuropean Communities Commission _c1979 |
||
| 300 | _a21p. | ||
| 650 | _aEuropean Economic Community --Finance. | ||
| 700 | _aEurope.European Communities Commission | ||
| 999 |
_c416488 _d416488 |
||